000 00625nmm a2200241 a 4500
003 AR-BaBNM
005 20251128202954.0
008 138019s1982 ||||||||||||||000 | spa||
040 _cAR-BaBNM
100 1 _aBaro, Daisy L.
245 1 0 _aLa relación de empleo público
260 _aBuenos Aires
_bFundación de Derecho Administrativo
_c1982
300 0 _a114 p.
500 0 _aApéndice p. 77-114 p.
650 4 _aEMPLEO
650 4 _aFUNCION PUBLICA
650 4 _aFUNCIONARIOS PUBLICOS
650 4 _aDISCIPLINA
650 4 _aJURISPRUDENCIA
653 0 _aCAPACITACION LABORAL
942 _cBK
998 _cCarmen
999 _c1326
_d1326